| 000 | 00770nam a2200229 a 4500 | ||
|---|---|---|---|
| 003 | CO-ViMGA | ||
| 005 | 20230915234405.0 | ||
| 008 | 140927s2014 sp a gr 00010 spa d | ||
| 020 | _a9789588846385 | ||
| 040 |
_aCO-ViMGA _bspa _cCO-ViMGA |
||
| 090 | _aA PRO2 | ||
| 100 | 1 |
_aProkh, Andy, _d1963- _97891 |
|
| 245 | 1 | 3 |
_aEl abecedario de Kate & cat / _cfotografías de Andy Prokh. |
| 260 |
_aBogotá : _bAlianza |
||
| 300 |
_a[56] páginas : _bfotografías ; _c22 cm. |
||
| 490 | 0 | _aPlan Nacional de Lectura y Escritura Leer es mi Cuento / Ministerio de Cultura | |
| 500 | _aDe 2 A 4 Años | ||
| 650 | 1 | 4 |
_aAlbumes infantiles _ySiglo Xx _97892 |
| 650 | 1 | 4 |
_aAlfabeto _x Enseñanza preescolar. _92906 |
| 650 | 1 | 4 |
_aLibros ilustrados para niños. _987 |
| 942 |
_2ddc _cBK |
||
| 999 |
_c7668 _d7668 |
||